Phylogénie : Mammifères - Statistiques

Statistiques générales
  • Ce quiz a été pris 81 fois
  • Le résultat moyen est 10 sur 29
Statistiques - réponses
Hint Ordre % Correct
Primates
89%
Carnivores / Carnivora
82%
Rongeurs / Rodentia
73%
Cétartiodactyles / Cetartiodactyla
59%
Glires Lagomorphes / Lagomorpha
59%
Euungulata Périssodactyles / Perissodactyla
55%
Cétacés /Cetacea
52%
Scrotifera Chiroptères / Chiroptera
52%
Protothériens (Prototheria) Monotrèmes / Monotrema
52%
Siréniens / Sirenia
50%
Tethytheriens / Tethytheria Proboscidiens / Proboscidea
46%
Primatomorpha Dermoptères / Dermoptera
32%
Xénarthres (Xenarthra) Cingulata / tatous
30%
Ferae Pholidotes / Pholidota
30%
Pseudoungulata Tubulidentés / Tubulidentata
29%
Pilosa
23%
Paenungulata / Altungulata Hyracoïdes / Hyracoidea
18%
Soricomorphes / Soricomorpha
18%
Euarchonta Scandentiens / Scandentia
16%
Afroinsectivora Macroscélides / Macroscelidea
14%
Ameridelphia Didelphimorphes / Didelphimorphia
13%
Diprotodontes / Diprotodontia
13%
Afrosoricida
11%
Australidelphia Dasyuromorphes / Dasyuromorphia
11%
Eulipotyphla Erinacéomorphes / Erinaceomorpha
11%
Microbiotheres / Microbiotheria
5%
Notoryctemorphes / Notoryctemorphia
5%
Paucituberculata
4%
Peramélémorphes / Peramelemorphia
4%
Aucun quiz correspondant
Distribution des résultats
% des personnes avec chaque résultat
Percentile par nombre de réponses
Votre historique - résultats
Vous n’avez pas pris ce quiz